000 00784nam a2200241 i 4500
001 C2-0308724
003 PPAK
005 20180728095617.0
008 110511s2003 my |||| ||||| | may d
040 _aPPAK
_beng
_cPPAK
_erda
082 0 4 _a923.1595112
_223
090 0 0 _a923.1595112
_bZAH
_dKK
100 0 _aZahir Ahmad,
_cProf. Madya Dr.
_eauthor
245 1 0 _aPeringatan Raja-Raja Kedah :
_bsatu pengenalan naskhah
264 1 _a[Alor Setar, Kedah] :
_bPerbadanan Perpustakaan Awam Kedah ,
_c2003
300 _a18 pages ;
_c30 cm
336 _2rdacontent
_atext
337 _2rdamedia
_aunmediated
338 _2rdacarrier
_avolume
500 _aKertas Kerja - Bengkel Kajian Naskhah Kesultanan Melayu III
650 1 0 _aHead of State - Malaysia - Kedah.
942 _ddc
_cB
999 _c111308
_d111308